Name a Valid Taylor Swift Song 1 - Statistics

General Stats
  • This quiz has been taken 66 times
  • The average score is 9 of 10
Answer Stats
Name a song that... Song(s) % Correct
Features Bon Iver? exile | evermore
98%
Includes a name in the title? Tim McGraw | Mary's Song (Oh My My My) | Hey Stephen | Dear John | When Emma Falls In Love | State Of Grace | State Of Grace (Acoustic Version) | august | betty | willow | dorothea | ivy | marjorie | Paris | Clara Bow | Chloe or Sam or Sophia or Marcus | thanK you aIMee | Cassandra | Peter | Robin
98%
Is longer than 5 minutes? Untouchable | Dear John | Enchanted | Innocent | Last Kiss | Long Live | Castles Crumbling | Foolish One | Timeless | State Of Grace | All Too Well | All Too Well (10 minute version) | happiness | evermore
98%
Has over 1 billion streams? Blank Space | Style | Shake It Off | Don't Blame Me | Delicate | Look What You Made Me Do | I Don't Wanna Live Forever | cardigan | august | Cruel Summer | Lover | Anti-Hero
96%
Is a Speak Now (Taylor's Version) Vault Track? Electric Touch | When Emma Falls in Love | I Can See You | Castles Crumbling | Foolish One | Timeless
94%
Was removed from the Eras Tour main setlist? Long Live | The Archer | the 1 | the last great american dynasty | invisible string | 'tis the damn season | tolerate it
88%
Is a track 5? Cold As You | White Horse | Dear John | All Too Well | All You Had To Do Was Stay | Delicate | The Archer | my tears ricochet | tolerate it | You're On Your Own Kid | So Long, London
86%
Has been played 5 or more times as a surprise song at the Eras Tour? Red | Out Of The Woods | Clean | Death By A Thousand Cuts | Getaway Car | Maroon | You're On You're Own Kid
80%
Has not been played during the Eras Tour? That's When | Bye Bye Baby | Girl At Home | Ronan | Forever Winter | Soon You'll Get Better | Cassandra
80%
Is 1 of the 4 bonus tracks on TTPD physical releases? The Black Dog | The Albatross | The Bolter | The Manuscript
75%
No matching quizzes found
Score Distribution
Percent of People with Each Score
Percentile by Number Answered
Your Score History
You have not taken this quiz